ბათუმის შოთა რუსთაველის სახელმწიფო უნივერსიტეტის ბიბლიოთეკა

დავითიანი (ბიბ.ჩანაწერი № 42432)

000 -LEADER
fixed length control field 00911nam a2200217Ia 4500
001 - CONTROL NUMBER
control field 9128
003 - CONTROL NUMBER IDENTIFIER
control field GE_BSU
008 - FIXED-LENGTH DATA ELEMENTS--GENERAL INFORMATION
fixed length control field 181216s||||||||xx |||||||||||||| ||und||
040 ## - CATALOGING SOURCE
Transcribing agency GE_BSU
080 ## - UNIVERSAL DECIMAL CLASSIFICATION NUMBER
Universal Decimal Classification number 821.353.1-11
100 ## - MAIN ENTRY--PERSONAL NAME
Personal name გურამიშვილი,დავით
245 ## - TITLE STATEMENT
Title დავითიანი
245 ## - TITLE STATEMENT
Remainder of title ქ.წიგნი ესე,რომელსაც ეწოდების სახელად დავითიანი,თქმული გურამის-შვილის დავითისაგან.
245 ## - TITLE STATEMENT
Statement of responsibility, etc. ალ.ბარამიძის წინასიტყვ.და რედაქციით;რედ:ს.ჩიქოვანი
260 ## - PUBLICATION, DISTRIBUTION, ETC.
Place of publication, distribution, etc. თბილისი.
260 ## - PUBLICATION, DISTRIBUTION, ETC.
Name of publisher, distributor, etc. საბჭ.მწერალი.
260 ## - PUBLICATION, DISTRIBUTION, ETC.
Date of publication, distribution, etc. 1948
300 ## - PHYSICAL DESCRIPTION
Extent 448გვ;16სმ.
653 ## - INDEX TERM--UNCONTROLLED
Uncontrolled term დავითიანი
942 ## - ADDED ENTRY ELEMENTS (KOHA)
Koha item type წიგნი
ეგზემპლარები
Withdrawn status Lost status Damaged status Not for loan Date acquired Barcode Date last seen Price effective from Koha item type
        2018-12-17 31555 2018-12-17 2018-12-17 წიგნი
        2018-12-17 31556 2018-12-17 2018-12-17 წიგნი